Normal view MARC view
  • Painting and democrating

Entry Topical Term

Number of records used in: 1

001 - CONTROL NUMBER

  • control field: 107310

003 - CONTROL NUMBER IDENTIFIER

  • control field: NUST

005 - DATE AND TIME OF LATEST TRANSACTION

  • control field: 20230120190135.0

008 - FIXED-LENGTH DATA ELEMENTS

  • fixed length control field: 230120|| aca||aabn | a|a d

040 ## - CATALOGING SOURCE

  • Original cataloging agency: NUST
  • Transcribing agency: NUST

150 ## - HEADING--TOPICAL TERM

  • Topical term or geographic name entry element: Painting and democrating

670 ## - SOURCE DATA FOUND

  • Source citation: Work cat.: (NUST)185231: Frederick Smith 107309, Painting and decorating (VOl-2) /, 1945
© 2023 Central Library, National University of Sciences and Technology. All Rights Reserved.